WWE Women's World Champions - Statistics

General Stats
  • This quiz has been taken 2,139 times
    579 since last reset
  • The average score is 13 of 15
Answer Stats
Title Reigns Last Won Champion % Correct
7 2022 Charlotte Flair
97%
2 2025 Rhea Ripley
96%
5 2024 Becky Lynch
95%
3 2026 Liv Morgan
92%
1 2025 Iyo Sky
91%
3 2025 Naomi
89%
2 2019 Bayley
88%
2 2017 Alexa Bliss
87%
1 2020 Sasha Banks
86%
1 2025 Stephanie Vaquer
85%
1 2021 Bianca Belair
84%
2 2022 Ronda Rousey
81%
1 2018 Asuka
79%
1 2018 Carmella
70%
1 2017 Natalya
65%
No matching quizzes found
Score Distribution
Percent of People with Each Score
Percentile by Number Answered
Your Score History
You have not taken this quiz since the last reset